| 000 | 00000nam##2200000za#4500 |
| 001 | 9.566555 |
| 003 | CaOODSP |
| 005 | 20210624180338 |
| 007 | cr ||||||||||| |
| 008 | 150406|1999||||xxc|||||o f|0| 0 eng|d |
| 040 | |aCaOODSP|beng |
| 043 | |an-cn--- |
| 086 | 1 |aTU3-5/99-39E-PDF |
| 110 | 2 |aTransportation Safety Board of Canada. |
| 245 | 10|aRunway overrun/collision with approach lights - Bearskin Lake Air Services Fairchild Metro SA-227-AC C-FFZN, Dryden, Ontario, 22 November 1999 |h[electronic resource] |
| 260 | |aGatineau - Quebec : |bTransportation Safety Board of Canada |c[2000]. |
| 300 | |a8p. |
| 490 | 1 |aAviation investigation report |vA99C0281 |
| 590 | |a10-10-Supp|b2010-11-09 |
| 775 | 08|tSortie en bout de piste / Collision avec des feux d'approche - Bearskin Lake Air Services Fairchild Metro SA-227-AC C-FFZN, Dryden (Ontario) le 22 novembre 1999 |w(CaOODSP)9.598025 |
| 830 | #0|aAviation investigation report ;|vA99C0281|w(CaOODSP)9.504825 |
| 856 | 40|ahttp://publications.gc.ca|qPDF|s89 KB|uhttps://publications.gc.ca/collections/collection_2009/bst-tsb/TU3-5-99-39E.pdf|yA99C0281 |